[Event "Landesklasse Ost 2012/2013"]
[Site "?"]
[Date "2012.12.16"]
[Round "4"]
[White "Eicke, Andreas"]
[Black "Richter, Sven"]
[Result "1-0"]
[WhiteElo "1814"]
[BlackElo "1963"]
[PlyCount "67"]
[EventDate "2012.??.??"]
[WhiteTeam "Meuselwitzer SV"]
[BlackTeam "VfL 1990 Gera"]

1. Nf3 Nf6 2. d4 g6 3. c4 Bg7 4. g3 d6 5. Bg2 O-O 6. O-O Na6 7. Nc3 c5 8. b3
Qb6 9. Bb2 Bg4 10. dxc5 Qxc5 11. Qd2 Nb4 12. Na4 Ne4 13. Nxc5 Nxd2 14. Bxg7
Bxf3 15. Bxf8 Bxg2 16. Rfd1 Kxf8 17. Kxg2 dxc5 18. Rxd2 Ke8 19. Rad1 Nc6 20. e3
b6 21. Rd7 Nd8 22. f4 f6 23. g4 Nf7 24. Rc7 Nd6 25. Rxd6 exd6 26. Rxh7 Rd8 27.
Rh8+ Ke7 28. Rxd8 Kxd8 29. h4 Ke7 30. Kf3 Ke6 31. h5 gxh5 32. gxh5 Kf5 33. e4+
Ke6 34. Kg4 1-0

[Event "Landesklasse Ost 2012/2013"]
[Site "?"]
[Date "2012.12.16"]
[Round "4"]
[White "Manicke, Hans-Joachim"]
[Black "Kühne, Niklas"]
[Result "1/2-1/2"]
[WhiteElo "1917"]
[BlackElo "1724"]
[PlyCount "66"]
[EventDate "2012.??.??"]
[WhiteTeam "VfL 1990 Gera"]
[BlackTeam "Meuselwitzer SV"]

1. b4 d5 2. Bb2 e6 3. e3 Nf6 4. a3 Nbd7 5. Nf3 Bd6 6. c4 dxc4 7. Bxc4 b6 8. O-O
O-O 9. Nc3 Bb7 10. Be2 c5 11. bxc5 Nxc5 12. d4 Nce4 13. Nxe4 Nxe4 14. Rc1 Qe7
15. Qa4 a6 16. Rfd1 b5 17. Qa5 Rac8 18. Rxc8 Rxc8 19. Rc1 Rxc1+ 20. Bxc1 Qc7
21. Qxc7 Bxc7 22. Bb2 Bd6 23. Bd3 b4 24. axb4 Bxb4 25. Ne5 a5 26. Bb5 Nd6 27.
Ba4 Ba6 28. f3 Bb5 29. Bxb5 Nxb5 30. Nc6 Nd6 31. Kf1 Nc4 32. Bc1 Bd6 33. Ke2 a4
1/2-1/2

[Event "Landesklasse Ost 2012/2013"]
[Site "?"]
[Date "2012.12.16"]
[Round "4"]
[White "Schmidt, Jörg"]
[Black "Katzer, Michael"]
[Result "0-1"]
[WhiteElo "1763"]
[BlackElo "1876"]
[PlyCount "68"]
[EventDate "2012.??.??"]
[WhiteTeam "Meuselwitzer SV"]
[BlackTeam "VfL 1990 Gera"]

1. e4 e6 2. Nc3 b6 3. d4 Bb7 4. Nf3 Bb4 5. Bd3 Nf6 6. Qe2 d5 7. Bg5 h6 8. Bxf6
Qxf6 9. e5 Qe7 10. a3 Bxc3+ 11. bxc3 O-O 12. Qe3 c5 13. c4 dxc4 14. Bxc4 cxd4
15. Nxd4 Qc5 16. Be2 Qa5+ 17. Kf1 Nc6 18. Nf3 Rfd8 19. Rg1 Rd5 20. g4 Nxe5 21.
g5 Nxf3 22. Bxf3 Ba6+ 23. Kg2 Rxg5+ 24. Kh1 Rd8 25. h4 Rxg1+ 26. Rxg1 Qf5 27.
Be4 Qf6 28. Qg3 Bc4 29. Kh2 Bd5 30. Bd3 Bf3 31. Kh3 e5 32. Re1 e4 33. Re3 exd3
34. Rxf3 Qe6+ 0-1

[Event "Landesklasse Ost 2012/2013"]
[Site "?"]
[Date "2012.12.16"]
[Round "4"]
[White "Seidens, Gunter"]
[Black "Schmidt, Jens"]
[Result "1-0"]
[WhiteElo "2004"]
[BlackElo "1756"]
[PlyCount "79"]
[EventDate "2012.??.??"]
[WhiteTeam "VfL 1990 Gera"]
[BlackTeam "Meuselwitzer SV"]

1. d4 d5 2. e3 Nf6 3. Bd3 e6 4. f4 c5 5. c3 Nc6 6. Nf3 Bd7 7. Nbd2 Rc8 8. O-O
Bd6 9. Ne5 O-O 10. Kh1 cxd4 11. exd4 Ne8 12. Ndf3 f5 13. Be3 Nf6 14. Bf2 Ne4
15. Bh4 Be7 16. Bxe7 Qxe7 17. Qe2 Nxe5 18. Nxe5 Be8 19. Rae1 Qh4 20. Qe3 Bh5
21. Rc1 Qe7 22. Rc2 Rc7 23. Qh3 Qe8 24. Qh4 Rf6 25. Bxe4 fxe4 26. g4 Bg6 27.
Rg2 Qb5 28. Qe1 Qe8 29. Kg1 Qf8 30. Qg3 Qc8 31. Rgf2 b5 32. a3 a5 33. h4 Be8
34. Qe3 Qb7 35. f5 exf5 36. Rxf5 Rxf5 37. Rxf5 Bd7 38. Qg5 Qc8 39. Rf7 g6 40.
Qh6 1-0

[Event "Landesklasse Ost 2012/2013"]
[Site "?"]
[Date "2012.12.16"]
[Round "4"]
[White "Hercher, Ralf"]
[Black "Huster, Mike"]
[Result "1/2-1/2"]
[WhiteElo "1739"]
[BlackElo "1913"]
[PlyCount "112"]
[EventDate "2012.??.??"]
[WhiteTeam "Meuselwitzer SV"]
[BlackTeam "VfL 1990 Gera"]

1. d4 Nf6 2. c4 g6 3. Nc3 Bg7 4. e4 d6 5. f3 O-O 6. Be3 e5 7. Nge2 Nbd7 8. Qd2
exd4 9. Nxd4 c6 10. Be2 a5 11. O-O a4 12. Rfd1 Qc7 13. b3 a3 14. Rac1 Ne5 15.
Nc2 Be6 16. Nb1 Qe7 17. Qxd6 Qxd6 18. Rxd6 Ne8 19. Rd2 Nc7 20. Ncxa3 f5 21.
Rcd1 fxe4 22. fxe4 Ng4 23. Bb6 Be5 24. Bxg4 Bxg4 25. Rf1 Bxh2+ 26. Kxh2 Rxf1
27. Bxc7 Re1 28. e5 Bf5 29. Rb2 h5 30. Kg3 Kg7 31. Bd6 h4+ 32. Kf2 Rh1 33. Nd2
g5 34. Nc2 g4 35. Ne3 g3+ 36. Kf3 Bg6 37. Ndf1 Bd3 38. Nxg3 hxg3 39. Kxg3 Rg8
40. Rf2 Kh7+ 41. Kf4 Rh6 42. Rd2 Bb1 43. g4 Rh1 44. Bc5 Bg6 45. e6 Re8 46. Rd7+
Kg8 47. Ke5 Rh7 48. Kf6 Bb1 49. g5 b6 50. Bd6 Rh3 51. Ng2 Rf3+ 52. Nf4 Bxa2 53.
Rg7+ Kh8 54. Be5 Rxf4+ 55. Bxf4 Rxe6+ 56. Kxe6 Kxg7 1/2-1/2

[Event "Landesklasse Ost 2012/2013"]
[Site "?"]
[Date "2012.12.16"]
[Round "4"]
[White "Kretzschmar, Bernd"]
[Black "Kohl, Torsten"]
[Result "1-0"]
[WhiteElo "1862"]
[BlackElo "1691"]
[PlyCount "71"]
[EventDate "2012.??.??"]
[WhiteTeam "VfL 1990 Gera"]
[BlackTeam "Meuselwitzer SV"]

1. e4 c6 2. d3 d5 3. Nd2 e5 4. Ngf3 Bd6 5. Be2 Nf6 6. O-O O-O 7. c3 b6 8. Re1
Re8 9. Qc2 Nbd7 10. b4 Bb7 11. Bf1 Rc8 12. a4 h6 13. Ba3 c5 14. b5 dxe4 15.
dxe4 Nf8 16. Rad1 Qe7 17. Nh4 g6 18. g3 Nh5 19. Nc4 Bc7 20. Ne3 Ne6 21. Bc4 Ng5
22. Bd5 Bxd5 23. Nxd5 Qe6 24. Qe2 Nh3+ 25. Kh1 Bd8 26. Ng2 f5 27. f3 fxe4 28.
fxe4 Rf8 29. Rf1 Bg5 30. Bc1 Bxc1 31. Rxc1 Rxf1+ 32. Rxf1 Rf8 33. Rxf8+ Kxf8
34. Nge3 Kg7 35. Kg2 Qf7 36. Kxh3 1-0

[Event "Landesklasse Ost 2012/2013"]
[Site "?"]
[Date "2012.12.16"]
[Round "4"]
[White "Naundorf, Johannes"]
[Black "Kopczak, Rüdiger"]
[Result "0-1"]
[WhiteElo "1493"]
[BlackElo "1859"]
[PlyCount "32"]
[EventDate "2012.??.??"]
[WhiteTeam "Meuselwitzer SV"]
[BlackTeam "VfL 1990 Gera"]

1. e4 c5 2. Nf3 e6 3. d4 cxd4 4. Nxd4 Nf6 5. f3 Nc6 6. Be3 d5 7. exd5 Nxd5 8.
Nxc6 bxc6 9. Bd2 Bc5 10. c4 Nb4 11. Qa4 Qb6 12. a3 Na6 13. b4 Bd4 14. Ra2 O-O
15. c5 Bxc5 16. bxc5 Qxb1+ 0-1

[Event "Landesklasse Ost 2012/2013"]
[Site "?"]
[Date "2012.12.16"]
[Round "4"]
[White "Schönfeld, Volker"]
[Black "Becker, Dieter"]
[Result "1-0"]
[WhiteElo "1878"]
[BlackElo "1640"]
[PlyCount "63"]
[EventDate "2012.??.??"]
[WhiteTeam "VfL 1990 Gera"]
[BlackTeam "Meuselwitzer SV"]

1. e4 c5 2. c3 e5 3. Bc4 Nf6 4. Nf3 Nc6 5. Ng5 d5 6. exd5 Nxd5 7. Qf3 Be6 8.
Nxe6 fxe6 9. O-O Be7 10. Bb5 Bf6 11. Bxc6+ bxc6 12. Na3 O-O 13. Qe4 Ne7 14. d3
Qd5 15. Be3 Rfd8 16. Rfd1 Nf5 17. Nc4 Rd7 18. g4 Nxe3 19. Nxe3 Qxe4 20. dxe4
Rad8 21. Rxd7 Rxd7 22. Rd1 Rxd1+ 23. Nxd1 Kf7 24. Kf1 Bg5 25. Ke2 Ke7 26. Kd3
Kd6 27. Kc4 Bc1 28. b3 Ba3 29. f3 g5 30. Nf2 a5 31. Nd3 h6 32. h3 1-0

[Event "Landesklasse Ost 2012/2013"]
[Site "?"]
[Date "2013.01.06"]
[Round "5"]
[White "Mysliwiec, Jörg"]
[Black "Hoffmann, Tim"]
[Result "1-0"]
[WhiteElo "2012"]
[BlackElo "1887"]
[PlyCount "51"]
[EventDate "2013.??.??"]
[WhiteTeam "SSV Vimaria 91 Weimar"]
[BlackTeam "ESV Gera"]

1. b3 e5 2. Bb2 Nc6 3. e3 Nf6 4. Bb5 d6 5. d4 exd4 6. Bxc6+ bxc6 7. Qxd4 Be7 8.
Ne2 d5 9. Ng3 Qd7 10. O-O O-O 11. c4 Rd8 12. Rc1 Ba6 13. cxd5 cxd5 14. Ba3 Bxa3
15. Nxa3 c6 16. Nc2 Re8 17. Nb4 Bb7 18. Nd3 Qc7 19. Rc2 Qb6 20. Nc5 Rad8 21.
Rac1 Ba8 22. Nf5 Qc7 23. b4 Qc8 24. Qf4 Ne4 25. Nxe4 Rxe4 26. Qxe4 1-0

[Event "Landesklasse Ost 2012/2013"]
[Site "?"]
[Date "2013.01.06"]
[Round "5"]
[White "Puschendorf, Steffen"]
[Black "Rensch, Toralf"]
[Result "1-0"]
[WhiteElo "2105"]
[BlackElo "1977"]
[PlyCount "47"]
[EventDate "2013.??.??"]
[WhiteTeam "ESV Gera"]
[BlackTeam "SSV Vimaria 91 Weimar"]

1. d4 b6 2. e4 Bb7 3. Nc3 e6 4. Nf3 Bb4 5. Bd3 Nf6 6. Qe2 d5 7. exd5 Nxd5 8.
Bd2 Nxc3 9. bxc3 Be7 10. O-O Nd7 11. Rad1 O-O 12. Bf4 Nf6 13. c4 Re8 14. c3 Bd6
15. Ne5 Qe7 16. Bg5 Qf8 17. Bc2 Be7 18. Rd3 Red8 19. Rg3 g6 20. Qe3 c5 21. Ba4
cxd4 22. cxd4 Ne4 23. Bh6 Nxg3 24. hxg3 1-0

[Event "Landesklasse Ost 2012/2013"]
[Site "?"]
[Date "2013.01.06"]
[Round "5"]
[White "Weiß, Thomas"]
[Black "Gläßl, Matthias"]
[Result "0-1"]
[WhiteElo "1912"]
[BlackElo "2071"]
[PlyCount "48"]
[EventDate "2013.??.??"]
[WhiteTeam "SSV Vimaria 91 Weimar"]
[BlackTeam "ESV Gera"]

1. d4 Nf6 2. c4 e6 3. Nf3 Bb4+ 4. Nbd2 b6 5. a3 Bxd2+ 6. Bxd2 Bb7 7. Bg5 h6 8.
Bh4 d6 9. e3 Nbd7 10. Bd3 g5 11. Bg3 Ne4 12. Qc2 f5 13. d5 exd5 14. Nd4 dxc4
15. Bxc4 Qf6 16. f3 Nxg3 17. hxg3 O-O-O 18. Qxf5 Qe7 19. Kf2 Kb8 20. Rac1 Rde8
21. Rhe1 Rhf8 22. Qe6 Qg7 23. Qh3 g4 24. Qh4 c5 0-1

[Event "Landesklasse Ost 2012/2013"]
[Site "?"]
[Date "2013.01.06"]
[Round "5"]
[White "Schmidt, Frank"]
[Black "Vogel, Steffen"]
[Result "1/2-1/2"]
[WhiteElo "1937"]
[BlackElo "1834"]
[PlyCount "90"]
[EventDate "2013.??.??"]
[WhiteTeam "ESV Gera"]
[BlackTeam "SSV Vimaria 91 Weimar"]

1. d4 d5 2. Nf3 Nf6 3. e3 c6 4. Bd3 Nbd7 5. Nbd2 Qc7 6. O-O e6 7. Qe2 Be7 8.
Re1 O-O 9. e4 dxe4 10. Nxe4 Re8 11. Neg5 Nf8 12. Ne5 Bd6 13. Ngxf7 c5 14. Nxd6
Qxd6 15. dxc5 Qxc5 16. Qe3 Qxe3 17. Bxe3 b6 18. Bb5 Bd7 19. Nxd7 N6xd7 20. Rad1
Re7 21. Bg5 Nf6 22. Re2 Rc8 23. Ba4 h6 24. Bf4 Ne8 25. Bb3 g5 26. Be5 Kf7 27.
g3 Nd7 28. Bd6 Nxd6 29. Rxd6 Nc5 30. c3 Nxb3 31. axb3 Rc5 32. Kg2 Rf5 33. Re3
Kf6 34. Rf3 Rxf3 35. Kxf3 Ke5 36. Rd4 Rf7+ 37. Ke3 Kf6 38. h4 Ke7 39. hxg5 hxg5
40. Rg4 Rf5 41. Ra4 a5 42. Rd4 Re5+ 43. Re4 Rd5 44. f4 gxf4+ 45. Rxf4 Rd1
1/2-1/2

[Event "Landesklasse Ost 2012/2013"]
[Site "?"]
[Date "2013.01.06"]
[Round "5"]
[White "Gebuhr, Günter"]
[Black "Senf, Paul"]
[Result "1-0"]
[WhiteElo "1819"]
[BlackElo "1586"]
[PlyCount "63"]
[EventDate "2013.??.??"]
[WhiteTeam "SSV Vimaria 91 Weimar"]
[BlackTeam "ESV Gera"]

1. e4 c6 2. d4 d5 3. Nc3 dxe4 4. Nxe4 Bf5 5. Ng3 Bg6 6. h4 h6 7. Nf3 Nd7 8. h5
Bh7 9. Bd3 Bxd3 10. Qxd3 Ngf6 11. Bd2 e6 12. O-O-O Be7 13. Kb1 O-O 14. Ne4 a5
15. Nxf6+ Nxf6 16. Qe2 Qb6 17. Ne5 Rad8 18. c3 c5 19. dxc5 Qxc5 20. f4 Qd5 21.
Rhe1 Rd6 22. g4 Rfd8 23. g5 hxg5 24. fxg5 Qe4+ 25. Qxe4 Nxe4 26. Rxe4 Rxd2 27.
Rxd2 Rxd2 28. g6 fxg6 29. hxg6 Rd6 30. Nf7 Rc6 31. Re5 b6 32. Rh5 1-0

[Event "Landesklasse Ost 2012/2013"]
[Site "?"]
[Date "2013.01.06"]
[Round "5"]
[White "Hilbig, Dieter"]
[Black "Mitter, Frank"]
[Result "1-0"]
[WhiteElo "1858"]
[BlackElo "1770"]
[PlyCount "107"]
[EventDate "2013.??.??"]
[WhiteTeam "ESV Gera"]
[BlackTeam "SSV Vimaria 91 Weimar"]

1. e4 c5 2. Nc3 Nc6 3. f4 e6 4. Nf3 Nf6 5. Bb5 d5 6. Bxc6+ bxc6 7. d3 Be7 8.
O-O O-O 9. Qe1 Rb8 10. b3 Qc7 11. Rb1 Ba6 12. Nd2 Qa5 13. Nf3 Qc7 14. Nd2 d4
15. Ne2 Qa5 16. Ra1 Qb6 17. Qg3 Qc7 18. Rf2 Kh8 19. Nf3 Bc8 20. Bd2 a5 21. a4
Bd7 22. Ne5 Bc8 23. Nc4 Ra8 24. Raf1 Bd7 25. Kh1 Nh5 26. Qf3 g6 27. g4 Ng7 28.
Qh3 f5 29. Ne5 Kg8 30. g5 Bd6 31. Nc4 Be7 32. Qh6 Bd6 33. Rf3 Rf7 34. Qh4 Nh5
35. Qe1 Qb8 36. Nxa5 Be8 37. Nc4 Bc7 38. Rh3 fxe4 39. dxe4 Nxf4 40. Nxf4 Bxf4
41. Qh4 e5 42. Bxf4 exf4 43. Rhf3 Raa7 44. Rxf4 d3 45. Rxf7 Rxf7 46. Rxf7 Bxf7
47. cxd3 Qxb3 48. Qg3 Qd1+ 49. Kg2 Qe2+ 50. Qf2 Qxd3 51. Qxf7+ Kxf7 52. Ne5+
Ke6 53. Nxd3 c4 54. Ne1 1-0

[Event "Landesklasse Ost 2012/2013"]
[Site "?"]
[Date "2013.01.06"]
[Round "5"]
[White "Latka, Robert"]
[Black "Steinmüller, Johannes"]
[Result "1/2-1/2"]
[WhiteElo "1680"]
[BlackElo "1761"]
[PlyCount "121"]
[EventDate "2013.??.??"]
[WhiteTeam "SSV Vimaria 91 Weimar"]
[BlackTeam "ESV Gera"]

1. e4 c5 2. Nf3 Nc6 3. d4 cxd4 4. Nxd4 g6 5. c4 Bg7 6. Be3 Nf6 7. Nc3 d6 8. Be2
O-O 9. O-O Bd7 10. Qd2 Ng4 11. Bxg4 Bxg4 12. f3 Bd7 13. Nd5 Nxd4 14. Bxd4 Bxd4+
15. Qxd4 Bc6 16. Rfe1 Bxd5 17. exd5 Re8 18. Re4 Qb6 19. Qxb6 axb6 20. a4 e6 21.
dxe6 Rxe6 22. b3 Rae8 23. Rae1 Rxe4 24. Rxe4 Re6 25. Kf2 Kf8 26. Ke3 Ke7 27.
Kf4 h6 28. Ke3 Kd7 29. Kd3 Rf6 30. Kc3 Rf5 31. Re3 Rc5 32. f4 Rf5 33. Re4 Rf6
34. g4 Re6 35. Kd4 Rf6 36. Kd5 Re6 37. f5 gxf5 38. gxf5 Rf6 39. Rf4 Kc7 40. Ke4
Kc6 41. b4 Kd7 42. Rg4 Ke7 43. Rg8 Kd7 44. h4 Kc7 45. h5 Kd7 46. Ra8 Kc7 47. a5
bxa5 48. Rxa5 Kd7 49. Rd5 Kc7 50. Kd3 Kc6 51. Kc3 Kb6 52. Kb3 Kc6 53. Ka4 b6
54. Kb3 Kc7 55. Kc3 Kc6 56. Kd4 Kc7 57. Ke4 Kb7 58. c5 bxc5 59. bxc5 Kc6 60.
Rd1 Kxc5 61. Rc1+ 1/2-1/2

[Event "Landesklasse Ost 2012/2013"]
[Site "?"]
[Date "2013.01.06"]
[Round "5"]
[White "Kupper, Matthias"]
[Black "Gräf, Michael"]
[Result "1/2-1/2"]
[WhiteElo "1772"]
[BlackElo "1843"]
[PlyCount "45"]
[EventDate "2013.??.??"]
[WhiteTeam "ESV Gera"]
[BlackTeam "SSV Vimaria 91 Weimar"]

1. e4 e6 2. d4 d5 3. Nd2 Nf6 4. e5 Nfd7 5. Ne2 c5 6. c3 Nc6 7. Nf3 Qb6 8. g3
cxd4 9. cxd4 Bb4+ 10. Bd2 O-O 11. Bg2 f6 12. exf6 Nxf6 13. O-O Bxd2 14. Qxd2
Ne4 15. Qe3 Qxb2 16. Rfb1 Qc2 17. Ne1 Qd2 18. Bxe4 Qxe3 19. Bxh7+ Kxh7 20. fxe3
e5 21. dxe5 Nxe5 22. Nf4 Nc4 23. Neg2 1/2-1/2

[Event "Landesklasse Ost 2012/2013"]
[Site "?"]
[Date "2013.01.06"]
[Round "5"]
[White "Bunke, Wilfried"]
[Black "Troyke, Christian"]
[Result "0-1"]
[WhiteElo "1944"]
[BlackElo "2280"]
[PlyCount "48"]
[EventDate "2013.??.??"]
[WhiteTeam "SV Schott Jena"]
[BlackTeam "Erfurter Schachklub"]

1. d4 d6 2. c4 Nd7 3. Nf3 e5 4. e4 Ngf6 5. Nc3 g6 6. Be2 Bg7 7. O-O O-O 8. dxe5
dxe5 9. Qc2 c6 10. b3 Re8 11. Ba3 Bf8 12. Bxf8 Nxf8 13. Rad1 Qc7 14. Rd2 Bg4
15. Rfd1 Bxf3 16. Bxf3 Ne6 17. Qc1 Nd4 18. Rd3 Rad8 19. Re1 Qe7 20. h4 Nd7 21.
h5 Nc5 22. Rde3 Nxf3+ 23. Rxf3 Nd3 24. Rxd3 Rxd3 0-1

[Event "Landesklasse Ost 2012/2013"]
[Site "?"]
[Date "2013.01.06"]
[Round "5"]
[White "Steinacker, Alex"]
[Black "Osterloh, Felix"]
[Result "1-0"]
[WhiteElo "2142"]
[BlackElo "1795"]
[PlyCount "25"]
[EventDate "2013.??.??"]
[WhiteTeam "Erfurter Schachklub"]
[BlackTeam "SV Schott Jena"]

1. Nc3 Nf6 2. e4 e5 3. g3 Nc6 4. Bg2 Bc5 5. Nge2 d6 6. O-O Be6 7. Nd5 Qd7 8. c3
Bh3 9. Nxc7+ Qxc7 10. Bxh3 Nxe4 11. d4 Bb6 12. d5 Ne7 13. Qa4+ 1-0

[Event "Landesklasse Ost 2012/2013"]
[Site "?"]
[Date "2013.01.06"]
[Round "5"]
[White "Seifert, Michael"]
[Black "Brüggemann, Joachim"]
[Result "1-0"]
[WhiteElo "1735"]
[BlackElo "2266"]
[PlyCount "91"]
[EventDate "2013.??.??"]
[WhiteTeam "SV Schott Jena"]
[BlackTeam "Erfurter Schachklub"]

1. Nf3 Nf6 2. g3 b5 3. Bg2 Bb7 4. O-O d6 5. d3 Nbd7 6. e4 g6 7. Nbd2 Bg7 8. c3
O-O 9. Qe2 a6 10. Ne1 e5 11. f4 Re8 12. f5 d5 13. h4 c5 14. g4 dxe4 15. Nxe4
Nxe4 16. dxe4 Qxh4 17. g5 h6 18. Qd2 Rad8 19. gxh6 Bf6 20. Qe3 g5 21. Nf3 Qxe4
22. Qxe4 Bxe4 23. Nxg5 Bxg2 24. Kxg2 Bxg5 25. Bxg5 f6 26. Be3 Nb6 27. Bxc5 Na4
28. Ba3 Kh7 29. Rad1 Kxh6 30. Kf3 Rh8 31. Rxd8 Rxd8 32. Be7 Rd2 33. Bxf6 Rd3+
34. Ke2 Rh3 35. Bxe5 Nxb2 36. f6 Nc4 37. f7 Re3+ 38. Kd1 Rd3+ 39. Kc1 Rd8 40.
f8=Q+ Rxf8 41. Rxf8 Nxe5 42. Rf6+ Kg5 43. Rxa6 Kf4 44. Ra5 Ke4 45. Rxb5 Nc4 46.
a4 1-0

[Event "Landesklasse Ost 2012/2013"]
[Site "?"]
[Date "2013.01.06"]
[Round "5"]
[White "Streltsyn, Grygoriy"]
[Black "Schlachetka, Werner"]
[Result "1-0"]
[WhiteElo "2110"]
[BlackElo "1904"]
[PlyCount "87"]
[EventDate "2013.??.??"]
[WhiteTeam "Erfurter Schachklub"]
[BlackTeam "SV Schott Jena"]

1. d4 Nf6 2. Nf3 b5 3. c3 e6 4. Qb3 a6 5. a4 bxa4 6. Rxa4 Nc6 7. Bg5 Be7 8.
Nbd2 Nd5 9. Bxe7 Qxe7 10. e4 Nb6 11. Ra1 d5 12. Bd3 O-O 13. O-O a5 14. Rfe1 Ba6
15. Bxa6 Rxa6 16. Qb5 Nb8 17. exd5 a4 18. dxe6 fxe6 19. Ne4 Rf5 20. Nc5 N6d7
21. Qd3 Rxc5 22. dxc5 Nxc5 23. Qc4 Rb6 24. Re2 Nbd7 25. Ne5 Nf6 26. h3 Qd6 27.
b4 Ncd7 28. Nxd7 Qxd7 29. f4 g6 30. Rea2 Rc6 31. Qd4 Qxd4+ 32. cxd4 Rc4 33.
Rxa4 Rxd4 34. b5 Rd6 35. Ra6 Rb6 36. Rxb6 cxb6 37. Kf2 Nd5 38. Kf3 h5 39. Ra7
Nc3 40. Rb7 Nxb5 41. Rxb6 Nc7 42. Ke4 Kf8 43. Ke5 Ke7 44. Rb7 1-0

[Event "Landesklasse Ost 2012/2013"]
[Site "?"]
[Date "2013.01.06"]
[Round "5"]
[White "Berkov, Mikhail"]
[Black "Duzy, Stefan"]
[Result "1-0"]
[WhiteElo "1829"]
[BlackElo "1960"]
[PlyCount "81"]
[EventDate "2013.??.??"]
[WhiteTeam "SV Schott Jena"]
[BlackTeam "Erfurter Schachklub"]

1. e4 c5 2. c3 e6 3. d4 d5 4. exd5 exd5 5. Nf3 Nc6 6. Be2 Bd6 7. O-O Nge7 8.
dxc5 Bxc5 9. b4 Bb6 10. a3 Be6 11. Bb2 Nf5 12. Qc2 Rc8 13. Bd3 Qd7 14. Re1 O-O
15. Ng5 h6 16. Nxe6 fxe6 17. Qe2 Rce8 18. Kh1 Nh4 19. f3 Qd6 20. Nd2 Bc7 21. g3
Nf5 22. b5 Nd8 23. c4 Qd7 24. a4 Bxg3 25. Rg1 Bf4 26. Bxf5 exf5 27. Qd3 Rf7 28.
cxd5 Qe7 29. Nc4 Qh4 30. Rg2 Re1+ 31. Rxe1 Qxe1+ 32. Rg1 Qh4 33. Qe2 Qe7 34.
Qc2 Bg5 35. Ne5 Qc7 36. Qd3 Rf8 37. d6 Qc5 38. Nd7 Qe3 39. Qxe3 Bxe3 40. Rxg7+
Kh8 41. Nxf8 1-0

[Event "Landesklasse Ost 2012/2013"]
[Site "?"]
[Date "2013.01.06"]
[Round "5"]
[White "Schneider, Thomas"]
[Black "Mauch, Johannes"]
[Result "1/2-1/2"]
[WhiteElo "1864"]
[BlackElo "1581"]
[PlyCount "116"]
[EventDate "2013.??.??"]
[WhiteTeam "Erfurter Schachklub"]
[BlackTeam "SV Schott Jena"]

1. d4 Nf6 2. c4 g6 3. Nc3 Bg7 4. e4 d6 5. Be2 O-O 6. Bg5 h6 7. Be3 e5 8. d5 Ne8
9. Qd2 Kh7 10. g4 f5 11. gxf5 gxf5 12. exf5 Bxf5 13. Bd3 Bxd3 14. Qxd3+ Kh8 15.
Nge2 Nd7 16. Rg1 Nc5 17. Qc2 Qh4 18. Ng3 Qxc4 19. O-O-O Qh4 20. Nf5 Qf6 21.
Nxg7 Nxg7 22. Rg6 Qf5 23. Rdg1 Qxc2+ 24. Kxc2 Nf5 25. Bxh6 Rg8 26. Rxg8+ Rxg8
27. Rxg8+ Kxg8 28. Be3 a6 29. Bxc5 dxc5 30. Kd3 Nd6 31. b3 Kg7 32. Ne4 Kg6 33.
Nxc5 Kg5 34. Ke3 Kg4 35. Nd3 Kh3 36. Nxe5 Kxh2 37. Nc4 Nf7 38. f4 Kg3 39. Ne5
Nd6 40. Nc4 Ne8 41. Nd2 Kg4 42. Ne4 Kf5 43. Kf3 c6 44. d6 Ke6 45. Kg4 Nxd6 46.
Nxd6 Kxd6 47. Kf5 Ke7 48. a4 a5 49. Ke5 b5 50. f5 bxa4 51. bxa4 c5 52. Kd5 Kf6
53. Kxc5 Kxf5 54. Kb5 Ke6 55. Kxa5 Kd7 56. Kb6 Kc8 57. Ka7 Kc7 58. a5 Kc8
1/2-1/2

[Event "Landesklasse Ost 2012/2013"]
[Site "?"]
[Date "2013.01.06"]
[Round "5"]
[White "Richter, Jan"]
[Black "Fischer, Dieter"]
[Result "1/2-1/2"]
[WhiteElo "1902"]
[BlackElo "1941"]
[PlyCount "89"]
[EventDate "2013.??.??"]
[WhiteTeam "SV Schott Jena"]
[BlackTeam "Erfurter Schachklub"]

1. Nf3 d5 2. g3 Nf6 3. Bg2 Bf5 4. c4 c6 5. O-O h6 6. d3 e6 7. cxd5 cxd5 8. Nd4
Bg6 9. Nc3 Be7 10. e4 O-O 11. Nde2 Nc6 12. Nf4 d4 13. Nxg6 fxg6 14. Ne2 Kh7 15.
Qb3 e5 16. Bd2 Qd7 17. Rac1 g5 18. f4 gxf4 19. gxf4 Ng4 20. Bh3 Bd6 21. Qd1 h5
22. Ng3 g6 23. f5 Nb4 24. Bxb4 Bxb4 25. Bxg4 hxg4 26. Qxg4 gxf5 27. Qh5+ Kg8
28. Rxf5 Rxf5 29. Nxf5 Bd2 30. Qg6+ Kh8 31. Qh5+ Qh7 32. Qxh7+ Kxh7 33. Rc7+
Kg6 34. Rxb7 Kg5 35. Rc7 Kf4 36. Kf2 Rh8 37. h4 Be3+ 38. Kg2 Rg8+ 39. Ng7 Bc1
40. Rxc1 Rxg7+ 41. Kf2 Rg3 42. Rd1 Rh3 43. Rd2 Rxh4 44. Ke2 Rh1 45. Rc2 1/2-1/2

[Event "Landesklasse Ost 2012/2013"]
[Site "?"]
[Date "2013.01.06"]
[Round "5"]
[White "August, Christian"]
[Black "Jordan, Gunter"]
[Result "1-0"]
[WhiteElo "1946"]
[BlackElo "1845"]
[PlyCount "27"]
[EventDate "2013.??.??"]
[WhiteTeam "Erfurter Schachklub"]
[BlackTeam "SV Schott Jena"]

1. e4 e5 2. Nf3 Nc6 3. Bb5 f5 4. d3 fxe4 5. dxe4 Nf6 6. Nc3 d6 7. h3 Be7 8. a3
Be6 9. Ng5 Bg8 10. Qd3 h6 11. Nf3 Qd7 12. Be3 O-O-O 13. Nd5 Bh7 14. Bxc6 1-0

[Event "Landesklasse Ost 2012/2013"]
[Site "?"]
[Date "2013.01.06"]
[Round "5"]
[White "Sack, Matthias"]
[Black "Wilmar, Andre"]
[Result "1-0"]
[WhiteElo "1964"]
[BlackElo "1904"]
[PlyCount "131"]
[EventDate "2013.??.??"]
[WhiteTeam "SV Hermsdorf"]
[BlackTeam "Meuselwitzer SV"]

1. e4 c5 2. c3 Nf6 3. e5 Nd5 4. d4 cxd4 5. cxd4 e6 6. Nc3 Nxc3 7. bxc3 Qc7 8.
Bd2 d6 9. Nf3 Bd7 10. Bd3 Bc6 11. O-O Nd7 12. Re1 Bxf3 13. Qxf3 dxe5 14. Rab1
Rb8 15. dxe5 g6 16. Bb5 Bg7 17. Be3 O-O 18. Bxd7 Qxd7 19. Bc5 b6 20. Bxf8 Bxf8
21. Rbd1 Qb5 22. Qe2 Qc6 23. Rd3 Rc8 24. Red1 a5 25. Qf3 Qxf3 26. Rxf3 Rc7 27.
Kf1 Be7 28. Rfd3 Kf8 29. f4 Rc4 30. g3 h5 31. Ke2 Bc5 32. Rd8+ Kg7 33. Kd3 Ra4
34. Rd2 h4 35. Rc8 hxg3 36. hxg3 g5 37. Rg2 Be7 38. Rc4 Rxc4 39. Kxc4 Kg6 40.
Kd4 Kf5 41. Ke3 Kg4 42. Ke4 f5+ 43. exf6 Bxf6 44. c4 Bg7 45. fxg5 Kxg5 46. Rf2
Bf6 47. Rf3 Kg6 48. Rb3 Bd8 49. Rd3 Bc7 50. g4 Bh2 51. Rd7 Kf6 52. Rb7 Bg1 53.
g5+ Kg6 54. Ke5 Bc5 55. Kxe6 Kxg5 56. Rf7 Kg4 57. Kd5 a4 58. Kc6 a3 59. Rb7 Kf4
60. Rxb6 Bxb6 61. Kxb6 Ke4 62. c5 Kd4 63. c6 Kc3 64. c7 Kb2 65. c8=Q Kxa2 66.
Kb5 1-0

[Event "Landesklasse Ost 2012/2013"]
[Site "?"]
[Date "2013.01.06"]
[Round "5"]
[White "Eicke, Andreas"]
[Black "Hadlich, Gerald"]
[Result "1/2-1/2"]
[WhiteElo "1814"]
[BlackElo "1806"]
[PlyCount "86"]
[EventDate "2013.??.??"]
[WhiteTeam "Meuselwitzer SV"]
[BlackTeam "SV Hermsdorf"]

1. Nf3 d6 2. d4 f5 3. g3 Nf6 4. Bg2 g6 5. O-O Bg7 6. c4 O-O 7. Nc3 Qe8 8. b3
Na6 9. Bb2 Rb8 10. Qd2 Bd7 11. Rfd1 c6 12. Rac1 h6 13. a3 c5 14. e3 Bc6 15. d5
Bd7 16. a4 Nb4 17. Ne1 g5 18. Nd3 Nxd3 19. Qxd3 Ng4 20. h3 Ne5 21. Qd2 Qh5 22.
Qe2 Qf7 23. f4 Ng6 24. fxg5 hxg5 25. Qh5 Bf6 26. Qh6 Qg7 27. Qxg7+ Kxg7 28. Rf1
Be5 29. Nd1 Rh8 30. Bxe5+ Nxe5 31. Nf2 Rbf8 32. Rcd1 b6 33. Nd3 Nxd3 34. Rxd3
Rf6 35. Rd2 Rff8 36. Rdf2 Rf6 37. Re2 Kf7 38. Rfe1 Kf8 39. Rf2 Rh7 40. Ref1 Kg7
41. Re1 Kf8 42. Ref1 Kg7 43. Re1 Kf8 1/2-1/2

[Event "Landesklasse Ost 2012/2013"]
[Site "?"]
[Date "2013.01.06"]
[Round "5"]
[White "Moje, Hans-Jürgen"]
[Black "Kühne, Niklas"]
[Result "1/2-1/2"]
[WhiteElo "1783"]
[BlackElo "1724"]
[PlyCount "37"]
[EventDate "2013.??.??"]
[WhiteTeam "SV Hermsdorf"]
[BlackTeam "Meuselwitzer SV"]

1. e4 c5 2. d4 cxd4 3. c3 Nf6 4. e5 Nd5 5. cxd4 Nc6 6. Nf3 e6 7. Bc4 d6 8. O-O
dxe5 9. dxe5 Be7 10. Bd2 O-O 11. Nc3 Nxc3 12. Bxc3 Qc7 13. Qe2 a6 14. Rac1 b5
15. Bd3 Bb7 16. Qe4 g6 17. Bd2 Rfd8 18. Bh6 Qd7 19. Bb1 1/2-1/2